[Event "Ivanovo Region-ch"]
[Site "Ivanovo"]
[Date "2011.12.17"]
[Round "7"]
[White "Mamoshin, Valery"]
[Black "Belyaev, Mikhail Sergeevich"]
[Result "1/2-1/2"]
[WhiteElo "2152"]
[BlackElo "2077"]
[PlyCount "48"]
[EventDate "2011.12.09"]
[EventType "swiss"]
[EventRounds "9"]
[EventCountry "RUS"]
[SourceTitle "CBM 146 Extra"]
[Source "ChessBase"]
[SourceDate "2012.02.29"]
[SourceVersion "1"]
[SourceVersionDate "2012.02.29"]
[SourceQuality "1"]

1. e4 d5 2. exd5 Qxd5 3. Nc3 Qd6 4. d4 Nf6 5. Nf3 g6 6. Nb5 Qb6 7. a4 a5 8. d5 Ng4 9. Qd4 Qxd4 10. Nfxd4 Na6 11. h3 Nf6 12. c4 Bg7 13. Be2 0-0 14. 0-0 Ne4 15. Bf3 Nd6 16. Bg5 Nxc4 17. b3 Ne5 18. Rac1 Nxf3+ 19. Nxf3 e6 20. Nxc7 Nxc7 21. Rxc7 exd5 22. Rfc1 Be6 23. Rxb7 Rfb8 24. Rcc7 d4 1/2-1/2

[Event "Ivanovo Region-ch"]
[Site "Ivanovo"]
[Date "2011.12.09"]
[Round "1"]
[White "Myshkin, Nikita"]
[Black "Mamoshin, Valery"]
[Result "1-0"]
[WhiteElo "2255"]
[BlackElo "2152"]
[PlyCount "93"]
[EventDate "2011.12.09"]
[EventType "swiss"]
[EventRounds "9"]
[EventCountry "RUS"]
[SourceTitle "CBM 146 Extra"]
[Source "ChessBase"]
[SourceDate "2012.02.29"]
[SourceVersion "1"]
[SourceVersionDate "2012.02.29"]
[SourceQuality "1"]

1. Nf3 c5 2. c4 Nc6 3. Nc3 g6 4. d4 cxd4 5. Nxd4 Bg7 6. Nc2 d6 7. g3 h5 8. h4 Be6 9. Nd5 Qd7 10. Nce3 Nh6 11. Nf4 0-0 12. Nxe6 fxe6 13. Bh3 Nd4 14. 0-0 Rac8 15. Nd5 Ng4 16. Nf4 e5 17. Nxg6 Rf6 18. Qd3 Qe8 19. Bxg4 hxg4 20. h5 Rf5 21. Be3 Rxh5 22. Bxd4 exd4 23. Qe4 Bf6 24. Qxg4 Rg5 25. Qe6+ Kg7 26. Nf4 Qc6 27. Qh3 Kf7 28. Qe6+ Kg7 29. Qh3 Kf7 30. Ne6 Rg6 31. Qh7+ Bg7 32. Nxg7 Rxg7 33. Qf5+ Kg8 34. Qe6+ Kf8 35. Rac1 Rh7 36. e4 Qe8 37. Kg2 Rc5 38. Rh1 Rch5 39. Rxh5 Rxh5 40. Qg4 b6 41. b4 Qf7 42. Rd1 e5 43. c5 dxc5 44. bxc5 Rh6 45. cxb6 Rxb6 46. Rc1 Rg6 47. Qc8+ 1-0

[Event "Kineshma op"]
[Site "Kineshma"]
[Date "2011.08.07"]
[Round "9"]
[White "Mamoshin, Valery"]
[Black "Kalugin, Alexander"]
[Result "1-0"]
[WhiteElo "2177"]
[BlackElo "2120"]
[PlyCount "122"]
[EventDate "2011.08.03"]
[EventType "swiss"]
[EventRounds "9"]
[EventCountry "RUS"]
[SourceTitle "CBM 144 Extra"]
[Source "ChessBase"]
[SourceDate "2011.10.28"]
[SourceVersion "1"]
[SourceVersionDate "2011.10.28"]
[SourceQuality "1"]

1. e4 c5 2. Nc3 Nc6 3. Nge2 e5 4. Nd5 d6 5. Nec3 a6 6. a4 Nf6 7. Nxf6+ Qxf6 8. Nd5 Qd8 9. Bc4 Be6 10. 0-0 Be7 11. d3 0-0 12. f4 exf4 13. Bxf4 Rb8 14. a5 Bg5 15. Qh5 Bxf4 16. Rxf4 Bxd5 17. Bxd5 Ne5 18. Raf1 Qe7 19. Rh4 h6 20. Rf5 Kh7 21. Rh3 f6 22. Rf4 Qe8 23. Qe2 Ng6 24. Rf1 Qe5 25. Rg3 f5 26. Qh5 Ne7 27. Bf7 f4 28. Rh3 Qxh5 29. Bxh5 g6 30. Bg4 Nc6 31. Bd7 Nxa5 32. Rhf3 Nc6 33. Rxf4 Rxf4 34. Rxf4 Ne5 35. Be6 Kg7 36. Kf2 Re8 37. Bd5 Re7 38. h3 b5 39. Ke3 a5 40. c3 g5 41. Rf1 Rc7 42. d4 Ng6 43. g3 a4 44. Kd3 h5 45. Rf5 h4 46. Rxg5 Kh6 47. gxh4 Nxh4 48. Rg8 cxd4 49. cxd4 Ng6 50. Rd8 Nf4+ 51. Kd2 Nxd5 52. Rxd6+ Kg7 53. Rxd5 Rc4 54. Rxb5 Rxd4+ 55. Ke3 Rd1 56. h4 Rh1 57. h5 Rh4 58. Kd4 Kf7 59. Ra5 Rh2 60. Kc3 Ke6 61. Rxa4 Rxh5 1-0

[Event "Kineshma op"]
[Site "Kineshma"]
[Date "2011.08.06"]
[Round "7"]
[White "Mamoshin, Valery"]
[Black "Lebedenko, Olga"]
[Result "1-0"]
[WhiteElo "2177"]
[BlackElo "1901"]
[PlyCount "71"]
[EventDate "2011.08.03"]
[EventType "swiss"]
[EventRounds "9"]
[EventCountry "RUS"]
[SourceTitle "CBM 144 Extra"]
[Source "ChessBase"]
[SourceDate "2011.10.28"]
[SourceVersion "1"]
[SourceVersionDate "2011.10.28"]
[SourceQuality "1"]

1. d4 d5 2. Nf3 Nf6 3. c4 e6 4. g3 dxc4 5. Bg2 Be7 6. Na3 c5 7. 0-0 0-0 8. Nxc4 Nc6 9. dxc5 Bxc5 10. Nfe5 Nxe5 11. Nxe5 Qc7 12. Bf4 Qe7 13. Rc1 Rd8 14. Qc2 Bd6 15. Rfd1 Nd5 16. Be4 h6 17. Nd3 Bd7 18. Bxd6 Qxd6 19. Bxd5 Qxd5 20. Nc5 Qc6 21. Nxd7 Rxd7 22. Qxc6 Rxd1+ 23. Rxd1 bxc6 24. Rd7 Rb8 25. b3 a5 26. Ra7 Rb5 27. Kg2 f6 28. Kf3 Kh7 29. h4 Kg6 30. Ke3 f5 31. f4 Kf6 32. Kd4 Rd5+ 33. Kc4 Rd2 34. Rxa5 Rxe2 35. a4 Rc2+ 36. Kb4 1-0

[Event "Kineshma op"]
[Site "Kineshma"]
[Date "2011.08.03"]
[Round "1"]
[White "Mamoshin, Valery"]
[Black "Vakhlameev, Anton"]
[Result "1-0"]
[WhiteElo "2177"]
[BlackElo "1823"]
[PlyCount "29"]
[EventDate "2011.08.03"]
[EventType "swiss"]
[EventRounds "9"]
[EventCountry "RUS"]
[SourceTitle "CBM 144 Extra"]
[Source "ChessBase"]
[SourceDate "2011.10.28"]
[SourceVersion "1"]
[SourceVersionDate "2011.10.28"]
[SourceQuality "1"]

1. e4 e6 2. Nf3 d5 3. Nc3 Nf6 4. e5 Nfd7 5. d4 c5 6. dxc5 Nc6 7. Bf4 Bxc5 8. Bd3 0-0 9. Bxh7+ Kxh7 10. Ng5+ Kg8 11. Qh5 Re8 12. Qxf7+ Kh8 13. Qh5+ Kg8 14. Qh7+ Kf8 15. Qh8+ 1-0

[Event "RUS-ch Seniors"]
[Site "Odintsovo"]
[Date "2011.04.19"]
[Round "1"]
[White "Mamoshin, Valery"]
[Black "Zhelnin, Vladimir V"]
[Result "0-1"]
[WhiteElo "2182"]
[BlackElo "2434"]
[PlyCount "98"]
[EventDate "2011.04.19"]
[EventType "swiss"]
[EventRounds "9"]
[EventCountry "RUS"]
[SourceTitle "CBM 142 Extra"]
[Source "ChessBase"]
[SourceDate "2011.06.27"]
[SourceVersion "1"]
[SourceVersionDate "2011.06.27"]
[SourceQuality "1"]

1. c4 g6 2. Nc3 Bg7 3. g3 e5 4. Bg2 d6 5. e3 Nc6 6. Nge2 h5 7. d4 h4 8. d5 Nce7 9. Qa4+ Bd7 10. Qa3 b6 11. b4 Qc8 12. c5 Nf6 13. cxd6 cxd6 14. Bb2 0-0 15. 0-0 Bh3 16. Rac1 Bxg2 17. Kxg2 h3+ 18. Kg1 Bh6 19. f4 Qc4 20. Nd4 Qd3 21. Nc2 Nfxd5 22. Rfd1 Qc4 23. Nxd5 Nxd5 24. Nd4 Qxb4 25. Qxb4 Nxb4 26. Nc6 Nxc6 27. Rxc6 Rfe8 28. Kf2 Bf8 29. Kf3 b5 30. Rd5 exf4 31. gxf4 a6 32. Rd2 Rec8 33. Rdc2 Rxc6 34. Rxc6 a5 35. Bd4 d5 36. Rb6 b4 37. Rb5 a4 38. Rxd5 Bg7 39. Bxg7 Kxg7 40. Rb5 b3 41. a3 Kf6 42. Kg3 Re8 43. Kf3 Ke6 44. e4 Kd6 45. e5+ Kc6 46. Rb4 Kc5 47. Ke4 Rd8 48. Ke3 Rd1 49. Rxa4 b2 0-1

[Event "Ivanovo Region-ch"]
[Site "Ivanovo"]
[Date "2010.12.18"]
[Round "8.3"]
[White "Mamoshin, Valery"]
[Black "Golovkin, Aleksey"]
[Result "1-0"]
[WhiteElo "2183"]
[BlackElo "2061"]
[PlyCount "102"]
[EventDate "2010.12.10"]
[EventType "tourn"]
[EventRounds "9"]
[EventCountry "RUS"]
[SourceTitle "EXT 2022"]
[Source "ChessBase"]
[SourceDate "2021.10.06"]
[SourceVersion "1"]
[SourceVersionDate "2021.10.06"]
[SourceQuality "1"]

1. e4 d6 2. d4 g6 3. Nc3 Bg7 4. Be3 Nf6 5. Be2 0-0 6. h4 h5 7. f3 Nc6 8. g4 e5 9. d5 Ne7 10. gxh5 Nxh5 11. Qd2 f5 12. Bh6 f4 13. Bxg7 Kxg7 14. 0-0-0 Ng3 15. Rh2 Rh8 16. Bc4 Ng8 17. Nge2 Rxh4 18. Nxg3 fxg3 19. Rg2 a6 20. Rdg1 Bd7 21. Rxg3 Rh6 22. f4 exf4 23. Qxf4 Qf6 24. Qe3 Ne7 25. Rf3 Qe5 26. Rg5 Rh1+ 27. Nd1 Qh2 28. Qd4+ Kg8 29. Qf6 Qh7 30. e5 Bf5 31. Rfxf5 Nxf5 32. Qxf5 Rh6 33. Bd3 Qf7 34. Rxg6+ Rxg6 35. Qxg6+ Qxg6 36. Bxg6 dxe5 37. Ne3 Kg7 38. Bf5 Kf6 39. Kd2 Rd8 40. Kd3 c6 41. c4 b5 42. b3 bxc4+ 43. bxc4 cxd5 44. cxd5 Rb8 45. Kc3 Kg5 46. Bh3 Kf4 47. Nc4 e4 48. d6 e3 49. Kd3 Rd8 50. d7 e2 51. Kxe2 Kg5 1-0

[Event "Ivanovo Region-ch"]
[Site "Ivanovo"]
[Date "2010.12.17"]
[Round "7.3"]
[White "Korolev, Alexey"]
[Black "Mamoshin, Valery"]
[Result "1/2-1/2"]
[WhiteElo "2111"]
[BlackElo "2183"]
[PlyCount "59"]
[EventDate "2010.12.10"]
[EventType "tourn"]
[EventRounds "9"]
[EventCountry "RUS"]
[SourceTitle "EXT 2022"]
[Source "ChessBase"]
[SourceDate "2021.10.06"]
[SourceVersion "1"]
[SourceVersionDate "2021.10.06"]
[SourceQuality "1"]

1. d4 Nf6 2. Nf3 c5 3. c4 cxd4 4. Nxd4 Nc6 5. g3 h5 6. h4 Qb6 7. Nb3 Qb4+ 8. N1d2 a5 9. a3 Qd6 10. a4 b6 11. Bg2 Ba6 12. 0-0 Rc8 13. Re1 Ne5 14. c5 bxc5 15. Nxa5 Qb6 16. Ndb3 e6 17. Bf4 Ng6 18. Bg5 d5 19. e4 Nxe4 20. Bxe4 dxe4 21. Rxe4 Be7 22. Bxe7 Kxe7 23. Nc4 Bxc4 24. Rxc4 Rhd8 25. Qc2 Ne5 26. Rxc5 Nf3+ 27. Kg2 Qb7 28. Kf1 Nh2+ 29. Kg1 Nf3+ 30. Kf1 1/2-1/2

[Event "Ivanovo Region-ch"]
[Site "Ivanovo"]
[Date "2010.12.10"]
[Round "1.2"]
[White "Mamoshin, Valery"]
[Black "Berberyan, Mishik"]
[Result "1-0"]
[WhiteElo "2183"]
[BlackElo "2013"]
[PlyCount "121"]
[EventDate "2010.12.10"]
[EventType "tourn"]
[EventRounds "9"]
[EventCountry "RUS"]
[SourceTitle "EXT 2022"]
[Source "ChessBase"]
[SourceDate "2021.10.06"]
[SourceVersion "1"]
[SourceVersionDate "2021.10.06"]
[SourceQuality "1"]

1. e4 e5 2. Nc3 Nf6 3. Nf3 Bb4 4. Nd5 Nxd5 5. exd5 d6 6. c3 Bc5 7. d4 exd4 8. Nxd4 Qe7+ 9. Be3 Nd7 10. Bb5 a6 11. Ba4 0-0 12. 0-0 b5 13. Bc2 Ne5 14. Re1 Qh4 15. Nf3 Nxf3+ 16. Qxf3 Bxe3 17. Rxe3 Qg4 18. Qxg4 Bxg4 19. f3 Bd7 20. Re7 Rad8 21. Rae1 Rfe8 22. Rxe8+ Rxe8 23. Rxe8+ Bxe8 24. Kf2 c5 25. dxc6 Bxc6 26. Ke3 Kf8 27. Be4 Bd7 28. Kd4 g6 29. a3 Ke7 30. Bb7 a5 31. c4 bxc4 32. Kxc4 Kd8 33. Bd5 f6 34. b4 axb4 35. Kxb4 Kc7 36. a4 Kb6 37. a5+ Ka6 38. Bc4+ Kb7 39. Kc3 g5 40. Kd4 h5 41. g3 f5 42. f4 gxf4 43. gxf4 h4 44. a6+ Kc7 45. a7 Kb7 46. Kd5 Kxa7 47. Kxd6 Ba4 48. Ke5 Bc2 49. Be6 Kb6 50. Bxf5 Bd1 51. Kf6 Kc5 52. Kg5 Kd6 53. Kxh4 Ke7 54. Kg5 Kf8 55. Be6 Kg7 56. f5 Bc2 57. f6+ Kh8 58. Kf4 Bd1 59. Ke5 Be2 60. Kd6 Bf3 61. f7 1-0

[Event "Kineshma"]
[Site "Kineshma"]
[Date "2010.08.06"]
[Round "8.3"]
[White "Kruglov, Evgeny"]
[Black "Mamoshin, Valery"]
[Result "0-1"]
[WhiteElo "1810"]
[BlackElo "2168"]
[PlyCount "74"]
[EventDate "2010.08.01"]
[EventType "tourn"]
[EventRounds "11"]
[EventCountry "RUS"]
[SourceTitle "EXT 2022"]
[Source "ChessBase"]
[SourceDate "2021.10.06"]
[SourceVersion "1"]
[SourceVersionDate "2021.10.06"]
[SourceQuality "1"]

1. e4 c5 2. Nf3 Nc6 3. Bc4 e6 4. 0-0 d5 5. exd5 exd5 6. Re1+ Be6 7. Bf1 h6 8. c3 Qc7 9. d4 0-0-0 10. Be3 c4 11. b4 Bd6 12. a4 Bg4 13. g3 Nf6 14. Bg2 Ne4 15. Qc2 f5 16. Na3 f4 17. Nb5 fxe3 18. Nxc7 exf2+ 19. Kh1 fxe1Q+ 20. Rxe1 Bxc7 21. Nd2 Nf2+ 22. Kg1 Nd3 23. Re3 Rd7 24. Nf1 Rf8 25. h3 Bh5 26. g4 Bg6 27. Qe2 Nf4 28. Qe1 Nxg2 29. Kxg2 Be4+ 30. Kg1 Rdf7 31. Nd2 Bf4 32. Re2 Bxd2 33. Rxd2 Ne7 34. Kh2 Rf1 35. Qe3 g5 36. Rg2 Ng6 37. Rg1 R1f2+ 0-1

[Event "Kineshma"]
[Site "Kineshma"]
[Date "2010.08.04"]
[Round "6.2"]
[White "Berberyan, Mishik"]
[Black "Mamoshin, Valery"]
[Result "1/2-1/2"]
[WhiteElo "2008"]
[BlackElo "2168"]
[PlyCount "72"]
[EventDate "2010.08.01"]
[EventType "tourn"]
[EventRounds "11"]
[EventCountry "RUS"]
[SourceTitle "EXT 2022"]
[Source "ChessBase"]
[SourceDate "2021.10.06"]
[SourceVersion "1"]
[SourceVersionDate "2021.10.06"]
[SourceQuality "1"]

1. e4 d5 2. exd5 Qxd5 3. Nc3 Qa5 4. Bc4 Nf6 5. d3 Bg4 6. f3 Bh5 7. Bd2 c6 8. Nd5 Qd8 9. Nxf6+ gxf6 10. c3 b5 11. Bb3 Qxd3 12. Ne2 e5 13. Bc2 Qd7 14. a4 Bg6 15. axb5 cxb5 16. Ng3 Nc6 17. Ne4 Be7 18. Bh6 f5 19. Qxd7+ Kxd7 20. 0-0-0+ Kc7 21. Ng3 f4 22. Ne4 Rhg8 23. Rhe1 Bf5 24. g4 fxg3 25. hxg3 b4 26. g4 Be6 27. Rh1 bxc3 28. Nxc3 Nd4 29. Bxh7 Nxf3 30. Bxg8 Rxg8 31. Nd5+ Bxd5 32. Rxd5 Rxg4 33. Be3 Re4 34. Rhd1 Kc6 35. Bxa7 Nd4 36. R5xd4 exd4 1/2-1/2

[Event "Kineshma"]
[Site "Kineshma"]
[Date "2010.08.02"]
[Round "2.2"]
[White "Mamoshin, Valery"]
[Black "Makushkin, Andrey"]
[Result "1-0"]
[WhiteElo "2168"]
[BlackElo "1847"]
[PlyCount "53"]
[EventDate "2010.08.01"]
[EventType "tourn"]
[EventRounds "11"]
[EventCountry "RUS"]
[SourceTitle "EXT 2022"]
[Source "ChessBase"]
[SourceDate "2021.10.06"]
[SourceVersion "1"]
[SourceVersionDate "2021.10.06"]
[SourceQuality "1"]

1. c4 Nf6 2. Nc3 g6 3. e4 d6 4. d4 Bg7 5. Be2 0-0 6. h4 h5 7. Bg5 Nbd7 8. Qd2 c5 9. d5 a6 10. g4 hxg4 11. h5 Nxh5 12. Bxg4 Ndf6 13. Be2 Bd7 14. Bh6 Bg4 15. Bxg7 Kxg7 16. Bxg4 Nxg4 17. Rxh5 gxh5 18. Qg5+ Kh7 19. Qxh5+ Nh6 20. Nf3 f6 21. 0-0-0 Rg8 22. Rh1 Qf8 23. Ne2 Rg6 24. Nf4 Qf7 25. Nh4 Rg5 26. Qxh6+ Kxh6 27. Nf5# 1-0

[Event "Ivanovo Derbenev op"]
[Site "Ivanovo"]
[Date "2010.06.25"]
[Round "5"]
[White "Bruyatskaya, Marina"]
[Black "Mamoshin, Valery"]
[Result "0-1"]
[WhiteElo "2052"]
[BlackElo "2178"]
[PlyCount "112"]
[EventDate "2010.06.20"]
[EventType "swiss"]
[EventRounds "9"]
[EventCountry "RUS"]
[SourceTitle "CBM 137 Extra"]
[Source "ChessBase"]
[SourceDate "2010.09.01"]
[SourceVersion "1"]
[SourceVersionDate "2010.09.01"]
[SourceQuality "1"]

1. d4 Nf6 2. c4 e6 3. Nf3 c5 4. d5 b5 5. Bg5 exd5 6. cxd5 Qa5+ 7. Nc3 Be7 8. Qd3 c4 9. Qe3 d6 10. Nd2 Nbd7 11. Qd4 0-0 12. b4 Qxb4 13. Rb1 Qc5 14. Qxc5 Nxc5 15. Nxb5 Bf5 16. Rc1 Rab8 17. Nd4 Nxd5 18. Bxe7 Nxe7 19. Nxc4 Rfc8 20. Nxf5 Nxf5 21. g4 Ne7 22. Rd1 d5 23. Ne3 Ne4 24. Bg2 Nc3 25. Rd3 Rb2 26. Rd2 Rxa2 27. Rxa2 Nxa2 28. Nxd5 Nxd5 29. Bxd5 Nb4 30. Bf3 a5 31. Kd2 Kf8 32. Ra1 Rc5 33. Rc1 Rxc1 34. Kxc1 Ke7 35. Kb2 Kd6 36. Kb3 Kc5 37. Be4 h6 38. e3 Nd5 39. Bd3 Nf6 40. h3 Nd7 41. Kc3 Nb6 42. e4 Na4+ 43. Kd2 Kd4 44. f3 Nc3 45. Ba6 a4 46. Bb7 a3 47. Kc2 a2 48. Kb2 Ke3 49. Bd5 f6 50. Bc6 g5 51. Ka1 Kf4 52. Kb2 Kg3 53. Ka1 Kxh3 54. Kb2 Kg3 55. Ka1 Kf4 56. Kb2 Ne2 0-1

[Event "Ivanovo Derbenev op"]
[Site "Ivanovo"]
[Date "2010.06.24"]
[Round "4"]
[White "Mamoshin, Valery"]
[Black "Korolev, Alexey"]
[Result "0-1"]
[WhiteElo "2178"]
[BlackElo "2113"]
[PlyCount "120"]
[EventDate "2010.06.20"]
[EventType "swiss"]
[EventRounds "9"]
[EventCountry "RUS"]
[SourceTitle "CBM 137 Extra"]
[Source "ChessBase"]
[SourceDate "2010.09.01"]
[SourceVersion "1"]
[SourceVersionDate "2010.09.01"]
[SourceQuality "1"]

1. e4 c5 2. Nc3 e6 3. g3 g6 4. Bg2 Bg7 5. d3 Ne7 6. Bg5 Nbc6 7. Nge2 Nd4 8. 0-0 0-0 9. Qd2 Rb8 10. Bh6 b5 11. Bxg7 Kxg7 12. e5 Nxe2+ 13. Qxe2 d5 14. exd6 Qxd6 15. Ne4 Qb6 16. Rfe1 Bb7 17. Qe3 Bxe4 18. Qxe4 Qd6 19. h4 Qd4 20. Qe5+ Qxe5 21. Rxe5 Rbc8 22. Rae1 Rfd8 23. h5 Kf6 24. hxg6 hxg6 25. R5e4 Rd6 26. Rf4+ Kg7 27. a4 b4 28. Rc4 b3 29. cxb3 Rxd3 30. b4 cxb4 31. Rxb4 Rd2 32. Rb7 Nf5 33. Be4 a5 34. Bxf5 gxf5 35. Rxe6 Rc1+ 36. Kg2 Rcc2 37. Ree7 Rxf2+ 38. Kg1 Rfd2 39. Rxf7+ Kg6 40. Rg7+ Kh5 41. Rh7+ Kg4 42. Rhg7+ Kh3 43. Rh7+ Kxg3 44. Rhg7+ Kf4 45. Kh1 Rxb2 46. Rxb2 Rxb2 47. Ra7 Kg3 48. Rg7+ Kf3 49. Rg2 Rb1+ 50. Kh2 Ra1 51. Rg5 Kf4 52. Rh5 Kg4 53. Rh8 Ra2+ 54. Kg1 Rxa4 55. Kf2 Rb4 56. Ra8 a4 57. Ke3 Rb3+ 58. Ke2 a3 59. Rg8+ Kf4 60. Ra8 Rb2+ 0-1

[Event "Ivanovo Derbenev op"]
[Site "Ivanovo"]
[Date "2010.06.22"]
[Round "2"]
[White "Mamoshin, Valery"]
[Black "Vinogradov, Anatoly"]
[Result "1/2-1/2"]
[WhiteElo "2178"]
[BlackElo "2012"]
[PlyCount "20"]
[EventDate "2010.06.20"]
[EventType "swiss"]
[EventRounds "9"]
[EventCountry "RUS"]
[SourceTitle "CBM 137 Extra"]
[Source "ChessBase"]
[SourceDate "2010.09.01"]
[SourceVersion "1"]
[SourceVersionDate "2010.09.01"]
[SourceQuality "1"]

1. c4 e6 2. Nc3 Nf6 3. g3 d5 4. Bg2 c6 5. d4 Be7 6. Nf3 0-0 7. Ne5 Nbd7 8. cxd5 exd5 9. Nd3 Re8 10. 0-0 Nf8 1/2-1/2

[Event "Ivanovo Region-ch"]
[Site "Ivanovo"]
[Date "2009.12.11"]
[Round "8"]
[White "Trofimov, Vladimir1111"]
[Black "Mamoshin, Valery"]
[Result "1/2-1/2"]
[WhiteElo "2240"]
[BlackElo "2185"]
[PlyCount "118"]
[EventDate "2009.12.04"]
[EventType "tourn"]
[EventRounds "9"]
[EventCountry "RUS"]
[SourceTitle "EXT 2012"]
[Source "ChessBase"]
[SourceDate "2011.11.24"]
[SourceVersion "1"]
[SourceVersionDate "2011.11.24"]
[SourceQuality "1"]

1. c4 e5 2. Nc3 Nc6 3. Nf3 f5 4. d4 e4 5. Ng5 h6 6. Nh3 g5 7. Ng1 Bg7 8. e3 Nf6 9. h4 d6 10. hxg5 hxg5 11. Rxh8+ Bxh8 12. Nh3 Bd7 13. Nxg5 Ng4 14. Nh3 Qh4 15. Nd5 0-0-0 16. Bd2 Rf8 17. Ndf4 Be8 18. g3 Qh6 19. Bc3 Rg8 20. Qb3 Bf7 21. 0-0-0 Bf6 22. Qb5 Qh7 23. Be2 a6 24. Qa4 Nxe3 25. fxe3 Rxg3 26. Bf1 Rxe3 27. Qc2 Qh6 28. Kb1 Qh8 29. Qg2 Nxd4 30. Ng6 Qh5 31. Qd2 Rxc3 32. Ngf4 Rxh3 33. Nxh5 Rxh5 34. Qf2 c5 35. Be2 Nxe2 36. Qxe2 Be5 37. Rg1 Rh2 38. Rg2 Bxc4 39. Qf2 Bd3+ 40. Kc1 e3 41. Rg8+ Kc7 42. Qxe3 Bxb2+ 43. Kd1 Be4 44. Qg5 Be5 45. Qe7+ Kc6 46. Qf7 Rh1+ 47. Ke2 Rh2+ 48. Kd1 Rh1+ 49. Ke2 f4 50. a4 Rh2+ 51. Kd1 Rh1+ 52. Ke2 Rh2+ 53. Kd1 f3 54. Rc8+ Kb6 55. Qc7+ Ka7 56. Qb8+ Kb6 57. Qc7+ Ka7 58. Qb8+ Kb6 59. Qc7+ Ka7 1/2-1/2

[Event "Ivanovo Region-ch"]
[Site "Ivanovo"]
[Date "2009.12.08"]
[Round "5"]
[White "Mamoshin, Valery"]
[Black "Sotnikov, Maxim"]
[Result "1/2-1/2"]
[WhiteElo "2185"]
[BlackElo "2061"]
[PlyCount "35"]
[EventDate "2009.12.04"]
[EventType "tourn"]
[EventRounds "9"]
[EventCountry "RUS"]
[SourceTitle "EXT 2012"]
[Source "ChessBase"]
[SourceDate "2011.11.24"]
[SourceVersion "1"]
[SourceVersionDate "2011.11.24"]
[SourceQuality "1"]

1. e4 e5 2. Nf3 Nc6 3. d4 exd4 4. Nxd4 Nf6 5. Nc3 Bb4 6. Nxc6 bxc6 7. Bd3 d5 8. exd5 cxd5 9. 0-0 0-0 10. Bg5 c6 11. Qf3 Bd6 12. Rfe1 Rb8 13. Bxf6 Qxf6 14. Qxf6 gxf6 15. Na4 Be6 16. c3 c5 17. Rad1 Bd7 18. Bc2 1/2-1/2

[Event "Anapa op"]
[Site "Anapa"]
[Date "2009.09.04"]
[Round "5"]
[White "Karamanov, Dmitry"]
[Black "Mamoshin, Valery"]
[Result "1-0"]
[WhiteElo "2199"]
[BlackElo "2276"]
[PlyCount "97"]
[EventDate "2009.08.31"]
[EventType "swiss"]
[EventRounds "9"]
[EventCountry "RUS"]
[SourceTitle "CBM 132 Extra"]
[Source "ChessBase"]
[SourceDate "2009.11.03"]
[SourceVersion "1"]
[SourceVersionDate "2009.11.03"]
[SourceQuality "1"]

1. d4 Nf6 2. c4 c5 3. d5 b5 4. cxb5 a6 5. b6 Qxb6 6. Nc3 g6 7. Nf3 Bg7 8. e4 d6 9. Be2 0-0 10. 0-0 Bg4 11. Nd2 Bxe2 12. Qxe2 Nbd7 13. Nc4 Qb4 14. a3 Qb3 15. a4 Rfe8 16. a5 Qb8 17. Rd1 Ra7 18. f4 e6 19. dxe6 Rxe6 20. Qf3 Ne8 21. Qd3 Qd8 22. Be3 Qh4 23. Nd5 Ndf6 24. Bf2 Qh5 25. Nxf6+ Bxf6 26. Rac1 Rae7 27. Re1 Bh4 28. Bxh4 Qxh4 29. g3 Qh3 30. Rcd1 h5 31. Rd2 h4 32. Rc2 hxg3 33. hxg3 Qg4 34. Kg2 Rf6 35. Ne3 Qd7 36. Nd5 Rfe6 37. Rh1 Ng7 38. Nxe7+ Qxe7 39. Re1 g5 40. f5 Rh6 41. Rh1 Qf6 42. Rxh6 Qxh6 43. Qxa6 g4 44. Qd3 Qh3+ 45. Kg1 c4 46. Qe3 Nh5 47. Rh2 Qxg3+ 48. Qxg3 Nxg3 49. Rg2 1-0

[Event "Anapa op"]
[Site "Anapa"]
[Date "2009.09.02"]
[Round "3"]
[White "Oganian, Miran"]
[Black "Mamoshin, Valery"]
[Result "1/2-1/2"]
[WhiteElo "2024"]
[BlackElo "2276"]
[PlyCount "148"]
[EventDate "2009.08.31"]
[EventType "swiss"]
[EventRounds "9"]
[EventCountry "RUS"]
[SourceTitle "CBM 132 Extra"]
[Source "ChessBase"]
[SourceDate "2009.11.03"]
[SourceVersion "1"]
[SourceVersionDate "2009.11.03"]
[SourceQuality "1"]

1. d4 d5 2. c4 e5 3. dxe5 d4 4. Nf3 Nc6 5. g3 Bg4 6. Bg2 Qd7 7. 0-0 0-0-0 8. Qb3 h5 9. Rd1 Bc5 10. Bg5 f6 11. exf6 gxf6 12. Bf4 h4 13. Na3 a6 14. Rac1 Nge7 15. Nb5 hxg3 16. hxg3 Bh3 17. Bh1 Nf5 18. Nc3 Qh7 19. Ne4 Bf1 20. Nh4 Be7 21. Kxf1 Nxh4 22. gxh4 Qxh4 23. Qf3 Qxh1+ 24. Qxh1 Rxh1+ 25. Kg2 Rh4 26. e3 Ne5 27. Bxe5 fxe5 28. Ng3 d3 29. e4 Bg5 30. Rc3 d2 31. Kf3 Rf8+ 32. Ke2 Rhf4 33. f3 Rh4 34. Nf1 Bf4 35. Kd3 Rh1 36. Kc2 Rg8 37. Nxd2 Rh2 38. Rd3 Rgg2 39. Kc3 b5 40. a3 Kb7 41. b3 Kb6 42. b4 Re2 43. c5+ Kc6 44. Rd8 Rhf2 45. Nb3 Rxf3+ 46. R1d3 Rxd3+ 47. Kxd3 Re3+ 48. Kc2 Kb7 49. Na5+ Ka7 50. Rc8 Re2+ 51. Kd1 Rd2+ 52. Ke1 Rd7 53. Re8 Rh7 54. Kf2 Rh3 55. Rc8 Rxa3 56. Rxc7+ Kb8 57. Rb7+ Kc8 58. Ra7 Bd2 59. Nc6 Rb3 60. Rxa6 Bxb4 61. Nxe5 Bxc5+ 62. Kg2 Kb7 63. Re6 b4 64. Nc4 Rc3 65. Na5+ Kc7 66. Rc6+ Kd7 67. e5 Bd4 68. Rd6+ Ke7 69. Rxd4 Ke6 70. Rxb4 Kxe5 71. Nb3 Kd5 72. Rb8 Ke5 73. Kf2 Kd5 74. Ke2 Ke5 1/2-1/2